| 000 | 00460 a2200181 4500 | ||
|---|---|---|---|
| 001 | 066000 | ||
| 003 | OSt | ||
| 005 | 20251211111424.0 | ||
| 008 | |||
| 082 |
_a823.809145 _bJ23V |
||
| 100 | 1 | _aJames, Louis | |
| 245 | 1 |
_aThe victorian novel _cBy Louis James |
|
| 260 |
_aUSA _bBlackwell Publishing _c2006 |
||
| 300 | _a249p. | ||
| 500 | _aEnglish | ||
| 690 | _aRomanticism; English fiction; Great Britain | ||
| 942 |
_2ddc _cBK |
||
| 999 |
_c209 _d209 |
||